| 000 -LEADER |
| fixed length control field |
00623nam a22001817a 4500 |
| 005 - DATE AND TIME OF LATEST TRANSACTION |
| control field |
20200824140344.0 |
| 008 - FIXED-LENGTH DATA ELEMENTS--GENERAL INFORMATION |
| fixed length control field |
200824s2016 eng||||| |||| 00| 0 geo d |
| 020 ## - INTERNATIONAL STANDARD BOOK NUMBER |
| International Standard Book Number |
9788183165198 |
| 041 ## - LANGUAGE CODE |
| Language code of text/sound track or separate title |
eng |
| 080 ## - UNIVERSAL DECIMAL CLASSIFICATION NUMBER |
| Universal Decimal Classification number |
37+004 V-26 |
| 100 ## - MAIN ENTRY--PERSONAL NAME |
| Personal name |
Vanaja, Dr. M. |
| 9 (RLIN) |
9302 |
| 245 ## - TITLE STATEMENT |
| Title |
Information & Communication Technology (Ict) In Education |
| Statement of responsibility, etc. |
M. Vanaja, S. Rajasekar, S. Arulsamy. |
| 300 ## - PHYSICAL DESCRIPTION |
| Extent |
286 p. |
| Other physical details |
23 cm. |
| 653 ## - INDEX TERM--UNCONTROLLED |
| keyword |
ინფორმაციული ტექნოლოგიები |
| 700 ## - ADDED ENTRY--PERSONAL NAME |
| Personal name |
Rajasekar, S. |
| Relator term |
ავტორი |
| 9 (RLIN) |
9303 |
| 700 ## - ADDED ENTRY--PERSONAL NAME |
| Personal name |
Arulsamy, S. |
| Relator term |
ავტორი |
| 9 (RLIN) |
9304 |
| 942 ## - ADDED ENTRY ELEMENTS (KOHA) |
| Source of classification or shelving scheme |
|
| Koha item type |
წიგნი |